000 00627nam a2200217Ia 4500
005 20250522104329.0
008 008 250516s9999 xx 000 0 eng d
020 _a9780821848555
040 _aSDCL
_beng
_cSDCL
041 _aeng
_2eng
084 _aB3, P1.2
_qSDCL
100 _aKaczor, W.J.
245 0 _aProblems in mathematical analysis II :
_bContinuity and differentiation
260 _aNew Delhi:
_bAmerican Mathematical Society,
_c2001.
300 _axiv,398p.
365 _aINR
_b0
490 _aStudent mathematical library Volume 12
650 _aMathematics
700 _aNowak, M.T.
942 _cTEXL
999 _c1429964
_d1429964